Planteo secuencial de la operación de riego para la distribución, entrega y administración del agua /

Guardado en:
Autor Principal: Luque, Jorge Alfredo.
Formato: Libro
Idioma:Spanish
Publicado: Lima : IIca, 1975.
Etiquetas: Agregar Etiqueta
Sin Etiquetas, Sea el primero en etiquetar este registro!
LEADER 00466nam a22001335a 4500
001 EUN.um042809
008 041125s1975####pe############000#0#spa#d
005 20090408121538.0
245 1 0 |a Planteo secuencial de la operación de riego para la distribución, entrega y administración del agua /  |c Jorge A. Luque. 
260 |a Lima :  |b IIca,  |c 1975. 
300 |a 64 h. 
100 1 |a Luque, Jorge Alfredo. 
082 0 4 |a 631.7 
859 |a Ar-BaUNS  |b BIB. CENTRAL - Sector C  |h 631.7  |i L974-6  |p 73942/976